Sponzoring umenia ako prestížny komunikačný nástroj finančných inštitúcií

Sponzoring kultúry a umenia ako forma diferenciácie a budovania jedinečného imidžu firmy. Sponzoring ako súčasť komunikačného mixu. Zladenie sponzoringovej stratégie s ostatnými nástrojmi komunikačného mixu. Kritériá výberu kultúrnych aktivít za účelom sponzorovania. Oblasti kultúrneho sponzoringu....

Ausführliche Beschreibung

Gespeichert in:
Bibliographische Detailangaben
1. Verfasser: Tajtáková, Mária
Format: Buchkapitel
Sprache:Slowakisch
Schlagworte:
Tags: Tag hinzufügen
Keine Tags, Fügen Sie das erste Tag hinzu!

MARC

LEADER 00000naa$a2200000$$$4500
001 0035838
005 20240502071449.0
041 0 |a slo 
044 |a SK 
245 1 0 |a Sponzoring umenia ako prestížny komunikačný nástroj finančných inštitúcií  |c Mária Tajtáková 
520 |a Sponzoring kultúry a umenia ako forma diferenciácie a budovania jedinečného imidžu firmy. Sponzoring ako súčasť komunikačného mixu. Zladenie sponzoringovej stratégie s ostatnými nástrojmi komunikačného mixu. Kritériá výberu kultúrnych aktivít za účelom sponzorovania. Oblasti kultúrneho sponzoringu. Legislatívne zabezpečenie sponzoringu na Slovensku. Cena Tatra banky za umenie. 
610 2 0 |a nástroje marketingové 
610 2 0 |a mix komunikačný 
610 2 0 |a sponzorovanie 
610 2 0 |a umenie 
610 2 0 |a kultúra 
610 2 0 |a imidž 
610 2 0 |a organizácie 
610 2 0 |a firmy 
610 2 0 |a banky 
610 2 0 |a legislatíva 
100 1 |a Tajtáková, Mária